000 00479nam a22001817a 4500
003 MPLRDC
005 20220104202521.0
008 210129b ||||| |||| 00| 0 eng d
020 _a983-41403-0-4
082 _a520.9386 SXL
100 _a水兴浪 编著
245 _a华骚200年
_c
260 _a马来西亚
_b晨光之市创作有限公司
_c2003
300 _b
520 _a上架 2017-12-13。
650 _a马来西亚华文教育
942 _cBK
_o520.9386 SXL
999 _c67679
_d67669